1265 1421 1683 1229 1974 1754 1971 1521 1673 1748 1738 1484 1697 1175 1859 1537 1027 1020 1778 1391 1294 1094 1279 1290 1583 1090 1338 1799 1596 1115 1909 1579 1611 1646 1849 1140 1182 1407 1850 1413 1737 1754 1079 1109 1527 1129 1878 1371 1308 1877 1055 1300 1251 1700 1405 1534 1617 1216 1841 1371 1550 1803 1209 1916 1192 1675 1809 1485 1682 1161 1297 1229 1984 1611 1772 1190 1483 1750 1167 1209 1457 1606 1859 1325 1275 1629 1182 1487 1304 1989 1080 1397 1172 1255 1812 1698 1349 1534 1395 BCNSPRNW ULIB Ver.6.0+V

เปลี่ยนเป็นภาษาไทย

Change to English
 แสดงรายละเอียดบรรณานุกรม
  กลับหน้าหลัก

Brief Record : Get Marc (ISO 2709) : E-mail record : QR code < ปิดหน้าต่าง
LEADER : 00000nam 2200000uu 4500
001    13399123627
003     ULIB
008    141021s2556||||th 000 0 tha d
020    ^a9786163440792
060 04 ^aWE304^bพ516ก
100 0  ^aพัชรพล อุดมผล
245 10 ^aเกาต์และโรคปวดข้อ :^bภัยเงียบที่คุณป้องกันและรักษาได้ / ^cพัชรพล อุดมผล; บรรณาธิการ, สุจินดา สืบสีสุก
260    ^aกรุงเทพฯ :^bFeel good,^c2556
300    ^a174 หน้า :^bภาพประกอบ ;^c21 ซม.
650  4 ^aเกาท์^xการป้องกันและควบคุม
650  4 ^aข้อ^xโรค^xการป้องกันและควบคุม
650  4 ^aข้ออักเสบ
650  4 ^aข้อ, โรค^xผู้ป่วย^xการดูแล
945    ^p160^l0^i21420
945    ^p160^l0^i21421
945    ^p160^l0^i21422
999    ^aทศพร เกษรทอง
รายการนี้ยังไม่มีแท็ก
คุณยังไม่ได้ล็อกอิน คุณสามารถมีกิจกรรมร่วมกับเว็บไซต์ได้ แต่ต้องล็อกอินก่อน ::
  ล็อกอิน

รายการสื่อสารสนเทศ

ลำดับที่ ประเภท เลขเรียก/บาร์โค้ด สถานที่ สถานะ
1. วิทยาศาสตร์การแพทย์ และสุขภาพ
หนังสือสำรอง
สถานะ=หนังสือสำรอง
WE304 พ516ก ฉ.1 
  Barcode: 21420
ห้องสมุดวิทยาเขตนครสวรรค์
►หนังสือทั่วไป:l:General Books
บนชั้น
2. วิทยาศาสตร์การแพทย์ และสุขภาพ
วิทยาศาสตร์การแพทย์ และสุขภาพ
WE304 พ516ก ฉ.2 
  Barcode: 21421
ห้องสมุดวิทยาเขตนครสวรรค์
►หนังสือทั่วไป:l:General Books
บนชั้น
3. วิทยาศาสตร์การแพทย์ และสุขภาพ
วิทยาศาสตร์การแพทย์ และสุขภาพ
WE304 พ516ก ฉ.3 
  Barcode: 21422
ห้องสมุดวิทยาเขตนครสวรรค์
►หนังสือทั่วไป:l:General Books
บนชั้น

รายการใกล้เคียง
    ผู้แต่ง [พัชรพล อุดมผล]

    หัวเรื่อง [ข้ออักเสบ]

BibComment


ยังไม่เคยถูกคอมเมนท์

คอมเมนท์ทรัพยากรรายการนี้
  คอมเมนท์: เกาต์และโรคปวดข้..


 Copyright 2026. Bcnsprnw @Library